000 00216nam a2200097Ia 4500
008 190216s9999||||xx |||||||||||||| ||und||
100 _aBharadwaj
245 0 _aOrganisation And Management
260 _bNull
942 _cBK
999 _c5099
_d5099